Interpreting Mr Keynes : (Record no. 5196)
[ view plain ]
| 000 -LEADER | |
|---|---|
| fixed length control field | 00826pam a2200289 a 4500 |
| 001 - CONTROL NUMBER | |
| JCCL Control Number | 5196 |
| 003 - CONTROL NUMBER IDENTIFIER | |
| JCCL marc code | BD-JhCC |
| 005 - DATE AND TIME OF LATEST TRANSACTION | |
| control field | 20171210164149.0 |
| 008 - FIXED-LENGTH DATA ELEMENTS--GENERAL INFORMATION | |
| fixed length control field | 870408s1987 coua b 001 0 eng |
| 020 ## - INTERNATIONAL STANDARD BOOK NUMBER | |
| International Standard Book Number | 0813305330 : |
| Terms of availability | $40.22 |
| 035 ## - SYSTEM CONTROL NUMBER | |
| system control number | (BD-JhCC) |
| 040 ## - CATALOGING SOURCE | |
| Original cataloging agency | DLC |
| Transcribing agency | DLC |
| Modifying agency | DLC |
| 041 ## - LANGUAGE CODE | |
| Language code of Book | eng |
| 050 00 - LIBRARY OF CONGRESS CALL NUMBER | |
| Classification number | HB99.7 |
| Item number | .Y68 1987 |
| 082 00 - DEWEY DECIMAL CLASSIFICATION NUMBER | |
| Classification number | 330.15/6 |
| DDC Edition number | 19 |
| Author mark and Year | WAR 1987 |
| 100 1# - MAIN ENTRY--PERSONAL NAME | |
| Personal name | Young, Warren, |
| Dates associated with a name | 1949- |
| 245 10 - TITLE STATEMENT | |
| Title | Interpreting Mr Keynes : |
| Remainder of title | the IS-LM enigma / |
| Statement of responsibility, etc | Warren Young. |
| 260 ## - PUBLICATION, DISTRIBUTION, ETC. (IMPRINT) | |
| Place of publication, distribution, etc | Boulder, Colo. : |
| Name of publisher, distributor, etc | Westview Press, |
| Date of publication, distribution, etc | 1987. |
| 300 ## - PHYSICAL DESCRIPTION | |
| Pagination | xii, 218 p. : |
| Other physical details | ill. ; |
| Dimensions | 24 cm. |
| 500 ## - GENERAL NOTE | |
| General note | Includes index. |
| 504 ## - BIBLIOGRAPHY, ETC. NOTE | |
| Bibliography, etc | Bibliography: p. [203]-212. |
| 600 10 - SUBJECT ADDED ENTRY--PERSONAL NAME | |
| Personal name | Keynes, John Maynard, |
| Dates associated with a name | 1883-1946. |
| 650 #0 - SUBJECT ADDED ENTRY--TOPICAL TERM | |
| Topical term or geographic name as entry element | Keynesian economics. |
| 650 #0 - SUBJECT ADDED ENTRY--TOPICAL TERM | |
| Topical term or geographic name as entry element | IS-LM model (Macroeconomics) |
| 942 ## - ADDED ENTRY ELEMENTS (KOHA) | |
| Source of classification or shelving scheme | Dewey Decimal Classification |
| Koha item type | Books |
| Source of classification or shelving scheme | Damaged status | Not for loan | Home library | Current library | Shelving location | Date of accession | Total Checkouts | Full call number | Barcode | Date last seen | Copy number | Koha item type |
|---|---|---|---|---|---|---|---|---|---|---|---|---|
| Dewey Decimal Classification | JCC Rouf Library | JCC Rouf Library | General Stacks | 12/10/2017 | 330.15/6 WAR 1987 | 7130 | 12/10/2017 | C-1 | Books |